000 00832nam a22002537a 4500
003 EG-ScBUE
005 20250121100443.0
008 090517t2009 cc a f 000 0 eng d
020 _a9780596102371
040 _aEG-ScBUE
_beng
_erda
_cEG-ScBUE
_dEG-ScBUE
082 0 4 _222
_a530
_bLAN
100 1 _94750
_aLang, Heather,
_eauthor.
245 _aHead first physics :
_ba learne's companion to mechanics and practical physics /
_cHeather Lang, Ph.D.
264 1 _aBeijing :
_bO'Reilly,
_c[2009]
264 4 _cc2009
300 _a895 pages :
_billustrations ;
_c22 cm
336 _2rdacontent
_atext
_btxt
337 _aunmediated
_2rdamedia
_bn
338 _avolume
_bnc
_2rdacarrier
650 7 _94751
_aPhysics
_xPopular works.
_2BUEsh
650 7 _94752
_aMechanics
_xPopular works.
_2BUEsh
655 _vReading book
942 _2ddc
_cBB
999 _c11534
_d11534